| 000 | 00875nam a2200277 a 4500 | ||
|---|---|---|---|
| 001 | 68679 | ||
| 003 | BD-RjUL | ||
| 005 | 20211209081810.0 | ||
| 008 | 780914s1977 caua b 001 0 eng | ||
| 020 | _a0520034732 | ||
| 035 | _a(BD-RjUL)68889 | ||
| 040 |
_aDLC _cDLC _dICU _dDLC _dBD-RjUL _beng |
||
| 041 | _aeng | ||
| 082 | 0 | 0 |
_223 _a571.538 _bPLA 1977 |
| 245 | 1 | 0 |
_aPlant tissue and cell culture / _cedited by H. E. Street. |
| 250 | _a2d ed. | ||
| 260 |
_aBerkeley : _bUniversity of California Press, _c1977. |
||
| 300 |
_ax, 614 p. : _bill. ; _c25 cm. |
||
| 504 | _aIncludes Bibliography and index. | ||
| 650 | 0 |
_aPlant tissue culture. _9203556 |
|
| 650 | 0 |
_aPlant cell culture. _9159078 |
|
| 700 |
_aStreet, H. E. _q(Herbert Edward) _9203557 |
||
| 830 |
_aBotanical monographs ; _vv. 11 _9117739 |
||
| 942 |
_2ddc _cBK |
||
| 999 |
_c68679 _d68679 |
||